000 00940nam a22002531u 4500
001 12259
003 HDC
007 cr bn ---
008 210209p2003 my eng
040 _aHDC
100 _aSaifuddin Hj. M. Nomanbhay,
_eauthor
_912756
245 0 _aMicroencapsulation of amino acids for prawn feed additives /
_cby Saifuddin Hj. M. Nomanbhay and Syed Javaid Iqbal
260 _aSerdang :
_bMalaysian Agricultural Research and Development Institute (MARDI),
_c2003
300 _a1 page
336 _atext
_2rdacontent
337 _acomputer
_2rdamedia
338 _aonline resource
_2rdacarrier
650 _aMicroencapsulation
_912757
650 _aPrawn feed additives
_912758
856 _zRequest full-text at [email protected]
942 _2lcc
942 _cAR
942 _kJART 003056
999 _c9582
_d9582